El instructor y su tarea. norma básicas para el adiestramiento técnico /

Guardado en:
Autor Principal: Rose, Homer C.
Formato: Libro
Publicado: Buenos Aires : Troquel, 1966
Materias:
Etiquetas: Agregar Etiqueta
Sin Etiquetas, Sea el primero en etiquetar este registro!
LEADER 00499nam a22001695a 4500
001 CEM.cems006882
005 20060214000000.0
008 130507s1966##################000#0#####d
003 CEMS
082 0 4 |a 370.7 
100 1 |a Rose, Homer C. 
245 1 0 |a El instructor y su tarea. norma básicas para el adiestramiento técnico / 
260 |a Buenos Aires :  |b Troquel,  |c 1966 
300 |a 279 p. 
653 |a Educacion 
653 |a Formacion docente 
859 |a CEMS  |b BIB. CEMS - 11 de abril  |h 370.7  |i R72  |p 4956.76  |t Ej.1